000 00754cam a22002413a 4500
001 21429
003 PGUSA
005 20140828083445.0
008 070513s2007||||xxu|||||s|||||000 | eng d
040 _aPGUSA
_beng
042 _adc
050 4 _aDP
100 1 _aCoelho, Adolfo,
_d1847-1919
245 1 0 _aPortugal e Ilhas Adjacentes :
_bExposição Ethnografica Portugueza
_h[electronic resource] /
_cAdolfo Coelho
260 _bProject Gutenberg,
_c2007
506 _aPublic domain in the USA.
516 _aElectronic text
653 _aEthnology -- Portugal
740 0 _aPortugal e Ilhas Adjacentes: Exposição Etnográfica Portuguesa
830 0 _aProject Gutenberg
_v21429
856 4 0 _uhttp://www.gutenberg.org/ebooks/21429
942 _cEB
999 _c250684
_d250684